| 000 | 00000nas 2200000za 4500 |
| 001 | 9.864055 |
| 003 | CaOODSP |
| 005 | 20221107161435 |
| 007 | cr ||||||||||| |
| 008 | 181101d19241940oncar p oss f0###a0eng|d |
| 022 | |y0828-3125 |
| 040 | |aCaOODSP|beng |
| 041 | |aeng|afre |
| 043 | |an-cn--- |
| 086 | 1 |aCS36-202-PDF |
| 245 | 00|aPreliminary report on the paper box & bag industry in Canada |h[electronic resource]. |
| 246 | 13|aRapport préliminaire sur l'industrie des boîtes et sacs en papier au Canada|f1934-1940 |
| 246 | 13|aPreliminary report on the paper box and bag industry in Canada |
| 246 | 16|aPaper box and bag industry in Canada |
| 260 | |aOttawa :|bDominion Bureau of Statistics, Forest Products Statistics, |c1925-1941. |
| 310 | |aAnnual |
| 362 | 0 |a1924-1940. |
| 500 | |aDigitized edition from print [produced by Statistics Canada]. |
| 515 | |aIssues for 1926-1928 and 1931 not published. |
| 546 | |aText in English only, 1924-1933; text in English and French, 1934-1940. |
| 550 | |aIssued 1930-1940 by Forestry Branch. |
| 692 | 07|2gccst|aPulp and paper industry |
| 692 | 07|2gccst|aManufacturing industry |
| 710 | 1 |aCanada. |bDominion Bureau of Statistics. |bForest Products Statistics. |
| 710 | 1 |aCanada. |bDominion Bureau of Statistics. |bForestry Branch. |
| 785 | 00|tThe paper box and bag industry in Canada |w(CaOODSP)9.864059 |
| 792 | |tPreliminary report on the paper box & bag industry in Canada |efre|w(CaOODSP)9.864056 |